Environmental physiology
Guardat en:
| Autor principal: | |
|---|---|
| Format: | Llibre |
| Idioma: | anglès |
| Publicat: |
Butterworths
1974
|
| Etiquetes: |
Afegir etiqueta
Sense etiquetes, Sigues el primer a etiquetar aquest registre!
|
MARC
| LEADER | 00000nam a22000007a 4500 | ||
|---|---|---|---|
| 008 | 210120b ||||| |||| 00| 0 eng d | ||
| 100 | |a ROBERTSHAW, D. | ||
| 245 | |a Environmental physiology |c edited by D. Robertshaw |e (Physiology |f Vol 7, one | ||
| 250 | |c ROBERTSHAW, D | ||
| 260 | |b Butterworths |c 1974 |h London |i 144372 |l QP1 .P56 |m Body temperature – Regulation. | ||
| 942 | |a lcc |c CR |e Adeyeye Y. S. |f 20/01/2021 | ||
| 952 | |0 0 |1 0 |2 lcc |4 0 |6 QP0001 P56 |7 0 |9 1315 |a HOL |b HOL |c QZ |d 2021-01-20 |l 0 |o QP1 .P56 |p 2021-0128 |r 2021-01-20 00:00:00 |w 2021-01-20 |y CR | ||
| 999 | |c 680 |d 680 | ||